000 01028nam a22003017a 4500
001 8265
003 FISKH
005 20250905113824.0
008 250905b cb ||||| |||| 00| 0 eng d
020 _a9780545331531
040 _aFISKH
_beng
_cFISKH
_dFISKH
050 _aPZ7.O614 K
082 _a305
100 _aOppel, Kenneth
245 _aThe king's taster /
_cBy Kenneth Oppel : paintings by Steve Johnson & Lou Fancher
250 _aFirst Scholastic printing, January 2011
260 _aNew York :
_bScholastic ,
_c2009.
300 _a32 unnumbered pages :
_bcolor illustrations ;
_c25 cm .
505 _aK
520 _aThe royal chef takes Max the dog, the royal taster, on several international journeys to find a dish for the land's pickiest king.
521 8 _a520
_bLexile
521 8 _aK
_bRaz-Plus
650 _aGood nutrition
_vChildren's Book
700 _aJohnson, Steve
_eIllustrator
700 _aFancher , Lou
_eIllustrator
942 _2ddc
_cBK
_n0
999 _c8265
_d8265